All Ava Max Songs - Statistics

General Stats
  • This quiz has been taken 269 times
    50 since last reset
  • The average score is 42 of 74
Answer Stats
Answer % Correct
Sweet But Psycho
94%
Don't Click Play
88%
H.E.A.V.E.N.
88%
Diamonds & Dancefloors
85%
Kings & Queens
85%
Kings & Queens, Pt.2
85%
Take You To Hell
85%
Salt
82%
So Am I
82%
Torn
79%
Million Dollar Baby
76%
My Head & My Heart
76%
Naked
76%
Call Me Tonight
73%
Christmas Without You
73%
OMG What's Happening
73%
Rumors
73%
Who's Laughing Now
73%
Dancing's Done
70%
Ghost
70%
Lost Your Faith
70%
Lovin Myself
70%
How Can I Dance
67%
Maybe You're The Problem
67%
Sleepwalker
67%
Tattoo
67%
Alone, Pt.II
64%
Belladonna
64%
Born To The Night
64%
Take My Call
64%
The Motto
64%
Whatever
64%
World's Smallest Violin
64%
Catch My Breath
61%
EveryTime I Cry
61%
Last Night On Earth
61%
One Of Us
61%
Wet, Hot American Dream
61%
1 Wish
58%
KiLL iT QUEEN
58%
My Oh My
58%
Not Your Barbie Girl
58%
Spot A Fake
58%
Hold Up (Wait A Minute)
55%
Skin in the Game
55%
Weapons
55%
Cold As Ice
52%
Fight For Me
52%
In The Dark
52%
Sucks To Be My Ex
52%
Turn Off The Lights
52%
Car Keys
48%
Get Outta My Heart
48%
Know Somebody
48%
Choose Your Fighter
45%
Into Your Arms
45%
My Way
45%
Brought The Heat Back
42%
On Somebody
42%
Baby It's Both
39%
Freaking Me Out
39%
Slow Dance
39%
Tabù
39%
Let It Be Me
36%
Blood, Sweat & Tears
33%
Sad Boy
33%
On Me
30%
Tear Me Down
30%
Clap Your Hands
27%
Slippin
24%
Make Up
21%
Anyone But You
18%
Stop Crying Your Heart Out
12%
Take Away The Pain
12%
No matching quizzes found
Score Distribution
Percent of People with Each Score
Percentile by Number Answered
Your Score History
You have not taken this quiz since the last reset